Microstrip And Printed Antenna Design (Record no. 323307)
[ view plain ]
| 000 -LEADER | |
|---|---|
| fixed length control field | 00519nam a2200181Ia 4500 |
| 008 - FIXED-LENGTH DATA ELEMENTS--GENERAL INFORMATION | |
| fixed length control field | 230718s9999 xx 000 0 und d |
| 020 ## - INTERNATIONAL STANDARD BOOK NUMBER | |
| International Standard Book Number | 9789746521079 |
| 041 ## - LANGUAGE CODE | |
| Language code of text/sound track or separate title | eng |
| 082 ## - DEWEY DECIMAL CLASSIFICATION NUMBER | |
| Classification number | 621.382'4 |
| Item number | BAN |
| 100 ## - MAIN ENTRY--PERSONAL NAME | |
| Personal name | Bancroft R. |
| 9 (RLIN) | 171185 |
| 245 ## - TITLE STATEMENT | |
| Title | Microstrip And Printed Antenna Design |
| 250 ## - EDITION STATEMENT | |
| Edition statement | 2nd ed. |
| 260 ## - PUBLICATION, DISTRIBUTION, ETC. (IMPRINT) | |
| Date of publication, distribution, etc. | 2009 |
| Name of publisher, distributor, etc. | Scitech Publication |
| 300 ## - PHYSICAL DESCRIPTION | |
| Extent | 287 |
| Accompanying material [OBSOLETE, CAN/MARC] | Ref 1178 E (34514) |
| 365 ## - TRADE PRICE | |
| Currency code | Rs. |
| Price amount | 4854.00 |
| 700 ## - ADDED ENTRY--PERSONAL NAME | |
| Personal name | Bancroft R. |
| 9 (RLIN) | 171185 |
| 906 ## - LOCAL DATA ELEMENT F, LDF (RLIN) | |
| d | O:0043902-Jan-2010B:190110-Oct-2009 |
| c | ME ETC |
| b | 970.8 |
| Withdrawn status | Lost status | Source of classification or shelving scheme | Reference No | Damaged status | Not for loan | Home library | Current library | Date acquired | Vendor | Budget Code | Cost, normal purchase price | Bill number | Full call number | Barcode | Date last seen | Discount | Cost, replacement price | Bill Date | Koha item type | Original Barcode |
|---|---|---|---|---|---|---|---|---|---|---|---|---|---|---|---|---|---|---|---|---|
| Dewey Decimal Classification | Ref 1178 E (34514) | Reference | Cummins College of Engineering for Women Pune | Cummins College of Engineering for Women Pune | 02/01/2010 | Tbs | ME ETC | 3883.20 | 1901 | 621.382'4 | CCEP-BK-34514 | 18/07/2023 | 970.8 | 4854.00 | 10/10/2009 | Books | 034514 |